000 00399nam a2200157Ia 4500
008 230711s9999||||xx |||||||||||||| ||und||
041 _aENG
082 _a621.3
_bHS-T
100 _aHsu,Hiwei P
245 0 _aTheory and problem of analog and digital communication
250 _a1st
260 _c1993
_aNew Delhi
_bSchaum Series
300 _a328
650 _aElectronics Engineering
942 _cBK
999 _c3303
_d3303